Fictional Fiction Quiz Stats

 Plays Quiz Updated Aug 5, 2015

Challenge
Share
Tweet
Embed
Score 0/17 Timer 05:00
2 Plays Today
Fictional Book/Author Real Book % Correct
'The Life and Lies of Albus Dumbledore' by Rita SkeeterHarry Potter and the Deathly Hallows
93.2%
'There and Back Again' by Bilbo BagginsThe Lord of the Rings
91.4%
'The Secret Goldfish' by D. B. CaulfieldThe Catcher In The Rye
56.5%
'The Duke's Daughter' by Jo MarchLittle Women
54.5%
'The Dynamics of an Asteroid' by Professor James MoriartyThe Valley of Fear
51.6%
'The Proustian Theme in a Letter from Keats to Benjamin Bailey' by Humbert HumbertLolita
38.5%
'Speculations on the Source of the Hampstead Ponds, With Some Observations on the Theory of Tittlebats' by Samuel PickwickThe Pickwick Papers
36%
'The Theory and Practice of Oligarchical Collectivism' by Emmanuel Goldstein1984
29.7%
'Practical Instructions for Beta Embryo-Store Workers'Brave New World
22.8%
Fictional Book/Author Real Book % Correct
'The Fighting Sailor' by Jack RyanThe Hunt for Red October
22.4%
'Ryder's English Homes' by Charles RyderBrideshead Revisited
7.8%
'The Octavo' by The CreatorThe Colour of Magic
4.5%
'Men, Monks, and Gamekeepers; a Study in Popular Legend'The Lion, the Witch and the Wardrobe
3.7%
'The Cathedral Thief' by Julián CaraxThe Shadow of the Wind
3.7%
'The Correct Spelling of Every English Word That Ever, Ever Existed'The Wide Window
3.3%
'Conway's Daughter' by Ben MearsSalem's Lot
2.3%
'All of Them Witches' by J. R. HansletRosemary's Baby
2.3%

You're not logged in!

Compare scores with friends on all Sporcle quizzes.
OR
Log In

You Might Also Like...

Show Comments

Extras

Top Quizzes Today


Score Distribution

Your Account Isn't Verified!

In order to create a playlist on Sporcle, you need to verify the email address you used during registration. Go to your Sporcle Settings to finish the process.

Report this User

Report this user for behavior that violates our Community Guidelines.

Details: